Marketing of Services (Textbook of ): The Indian Experience (Record no. 46810)
[ view plain ]
| 000 -LEADER | |
|---|---|
| fixed length control field | 00449nam a2200169Ia 4500 |
| 008 - FIXED-LENGTH DATA ELEMENTS--GENERAL INFORMATION | |
| fixed length control field | 230524s9999 xx 000 0 und d |
| 082 ## - DEWEY DECIMAL CLASSIFICATION NUMBER | |
| Classification number | 650.014 |
| Item number | CHO |
| 100 ## - MAIN ENTRY--AUTHOR NAME | |
| Personal name | Nimit Chowdhary |
| 245 #0 - TITLE STATEMENT | |
| Title | Marketing of Services (Textbook of ): The Indian Experience |
| 250 ## - EDITION STATEMENT | |
| Edition statement | IST |
| 260 ## - PUBLICATION, DISTRIBUTION, ETC. (IMPRINT) | |
| Place of publication | NEW DELHI |
| Name of publisher | Macmillan |
| Year of publication | 2009 |
| 300 ## - PHYSICAL DESCRIPTION | |
| Number of Pages | XIII;437 |
| 500 ## - GENERAL NOTE | |
| General note | Quantity Number: 2 |
| 650 ## - SUBJECT ADDED ENTRY--TOPICAL TERM | |
| Topical Term | Management |
| 700 ## - ADDED ENTRY--PERSONAL NAME | |
| Personal name | Monika Chowdhary |
| 942 ## - ADDED ENTRY ELEMENTS (KOHA) | |
| Koha item type | Books |
| Lost status | Damaged status | Permanent Location | Current Location | Shelving location | Date acquired | Full call number | Accession Number | Koha item type |
|---|---|---|---|---|---|---|---|---|
| Central Library, Trident Academy of Technology | Central Library, Trident Academy of Technology | General Stacks | 05/24/2023 | 650.014 CHO | 37873 | Books | ||
| Central Library, Trident Academy of Technology | Central Library, Trident Academy of Technology | General Stacks | 05/24/2023 | 650.014 CHO | 37874 | Books |
